<An> Introduction to wavelets and other filtering methods in finance and economics

Na minha lista:
Detalhes bibliográficos
Autor principal: Gencay, Ramazan
Outros Autores: Selcuk, Faruk, Whitcher, Brandon
Formato: Livro
Idioma:inglês
Publicado em: San Diego Academic Press 2002
Assuntos:
Tags: Adicionar Tag
Sem tags, seja o primeiro a adicionar uma tag!

MARC

LEADER 00000nam a2200000 4500
001 c137812
005 20221221092137.1
020 |a 0-12-279670-5 
041 0 |a eng 
044 |a US 
245 1 0 |a <An> Introduction to wavelets and other filtering methods in finance and economics  |c Ramazan Gencay, Faruk Selcuk, Brandon Whitcher 
264 1 |a San Diego  |b Academic Press  |c 2002 
300 |a 359 s. 
610 2 0 |a teória ekonomická matematická 
610 2 0 |a rady časové 
610 2 0 |a teória finančná 
610 2 0 |a teória modelov ekonomicko-matematických 
610 2 0 |a indexy cenové 
100 1 |a Gencay, Ramazan 
700 1 |a Selcuk, Faruk 
700 1 |a Whitcher, Brandon